The old world and the new : 1492-1650

Αποθηκεύτηκε σε:
Λεπτομέρειες βιβλιογραφικής εγγραφής
Κύριος συγγραφέας: Elliott, J. H.
Μορφή: Βιβλίο
Γλώσσα:English
Δημοσίευση: Cambridge : Cambridge University Press, 1988
Σειρά:Cambridge studies in early modern history
Θέματα:
Ετικέτες: Προσθήκη ετικέτας
Δεν υπάρχουν, Καταχωρήστε ετικέτα πρώτοι!

MARC

LEADER 00000nam a2200000 i 4500
001 1/102391
008 950503s1988 eng d
020 |a 0-521-09621-9 
035 |l 10012485 
040 |a GR-MY-UA  |b gre  |e aacr 
041 0 |a eng 
082 0 |a 940.2 
100 1 |a Elliott, J. H. 
245 1 4 |a The old world and the new :  |b 1492-1650 /  |c J. H. Elliott 
260 |a Cambridge :   |b Cambridge University Press,   |c 1988 
300 |a 120 p. 
490 1 |a Cambridge studies in early modern history 
651 0 |a Europe  |x History  |y 1492-1648. 
830 0 |a Cambridge studies in early modern history 
852 |a INST  |b LESVOS  |e 19950503  |h 940.2 ELL  |p 005100001369  |q 005100001369  |t BK  |y 0 
852 |a INST  |b LESVOS  |e 19950706  |h 940.2 ELL  |p 005100008149  |q 005100008149  |t BK  |y 0 
909 |a Λ  |b 040650 
909 |a Λ  |b 018853 
920 |a ΤΜΗΜΑ ΚΟΙΝΩΝΙΚΗΣ ΑΝΘΡΩΠΟΛΟΓΙΑΣ  |y ΛΕΣΒΟΣ  |z 1995-05 
970 |a ΚΑΜΑΤΣΟΥ  |b ΔΕΣΠΟΙΝΑ  |z 1999/11/11